000 00540nam a2200121Ia 4500
008 220620s9999||||xx |||||||||||||| ||und||
245 0 _aCyber Security
_b15th International Annual Conference, CNCERT 2018, Beijing, China, August 14–16, 2018, Revised Selected Papers
546 _aEnglish[eng]
650 _aComputer science||Computer security
700 _aYun, Xiaochun||Wen, Weiping||Lang, Bo||Yan, Hanbing||Ding, Li||Li, Jia||Zhou, Yu
856 _uhttps://library.oapen.org/bitstream/20.500.12657/23271/1/1006885.pdf
942 _cEB
999 _c23447
_d23447